Word Ladder: In Hot 'Water' Quiz Stats

 Plays Quiz Updated May 26, 2019

Score 0/54 Timer 07:00
1 Play Today
Clue 4-Letter Word % Correct
🌊 ____WATER: This liquid falls from clouds 🌊RAIN
96%
Not succeedFAIL
95.9%
Brush or comb thisHAIR
94.6%
🌊 WATER____: Where a river flows over 1 or more vertical drops 🌊FALL
93.8%
Perceive soundHEAR
93.7%
🌊 ____ WATER: It has a significant level of salinity 🌊SALT
93.3%
Train wheel guideRAIL
93.1%
It may follow 'pork' or 'karate'CHOP
92.9%
One in the willHEIR
92.3%
Grain product used in making whiskyMALT
92%
Beverage commonly advertised during football gamesBEER
91.7%
Retailer's business placeSHOP
90.7%
Cut down a treeFELL
90.4%
Enclosure for chickensCOOP
90.2%
🌊 WATER ____: It features swimming pools, water slides, etc. 🌊PARK
89.5%
Sensed; soft matted fabricFELT
89.4%
Fill a suitcase; bunch of cards or wolvesPACK
89.1%
🌊 ____WATER: Warming glacier output 🌊MELT
88%
🌊 WATER____: Pattern in paper used to determine authenticity 🌊MARK
88%
🌊 WATER ____: Duck, goose or pelican 🌊BIRD
87.8%
Dove soundsCOOS
86.6%
Marketplace, for shortMART
86.5%
One looking ahead in timeSEER
86.4%
🌊 ____ WATER: What you use, or have used, to clean yourself 🌊BATH
86%
On TV, Milhouse's best friendBART
85.8%
Fasten paper between coversBIND
84.7%
Celtic poetBARD
84.7%
Clue 4-Letter Word % Correct
Big partyBASH
84.1%
Shelter bedsCOTS
83.3%
One, and the otherBOTH
82.9%
Big-heartedKIND
82.9%
That which is sownSEED
82.7%
Enjoy the sunshineBASK
82.7%
Usually not a good poker handPAIR
81.9%
Prerequisite for gain?PAIN
81.5%
Twisted loop in a hoseKINK
81.3%
🌊 ____WATER: Dirty water in which plates, cutlery and such
have been washed 🌊
DISH
80.6%
Express a desire forWISH
79.9%
🌊 ____WATER: Part of a river in which there is little or no current 🌊BACK
79.9%
Thin metallic stringWIRE
79.3%
Web crawlers; droidsBOTS
78.6%
🌊 WATER ____: Plant in many of Claude Monet's paintings 🌊LILY
78.3%
Penalty for wrongdoingFINE
77.9%
Wearing foot coverings, like racehorsesSHOD
76.8%
U.F.O. shapeDISK
76.2%
🌊 WATER____: Drainage basin, in North American usage,
land area where surface water converges 🌊
SHED
74.8%
Snack brand with an owl's-eye logoWISE
74.1%
🌊 ____WATER: High-proof beverages, particularly moonshine 🌊FIRE
73.9%
Surprise volleyball shotDINK
73.9%
🌊 WATER____: Where a ship's hull meets the water surface 🌊LINE
72.4%
🌊 WATER ____: Resilient 8-legged, segmented micro-animal 🌊BEAR
71.6%
Full of streaksLINY
67.8%
🌊 ____WATER: Source of a stream, usually used in plural 🌊HEAD
66.6%
Small globular bodyBEAD
63.6%

Today's Daily Dose

Missing Word
Sherlocks

Word Ladder
King of the Hill

Quick Pick
Songs in Pink

Get the Picture
NBA Teammates

You're not logged in!

Compare scores with friends on all Sporcle quizzes.
OR
Log In

Sporcle TV

Today on Sporcle TV


Watch our educational content, quiz creation guides, and fun videos on Sporcle TV.

Show Comments

Extras

Top Quizzes Today


Score Distribution

Your Account Isn't Verified!

In order to create a playlist on Sporcle, you need to verify the email address you used during registration. Go to your Sporcle Settings to finish the process.

Report this User

Report this user for behavior that violates our Community Guidelines.

Details: